Pays les plus proches des îles Cook - Statistiques

Statistiques générales
  • Ce quiz a été pris 48 fois
  • Le résultat moyen est 15 sur 20
Statistiques - réponses
km pays % Correct
4568 Australie
93%
2958 Nouvelle-Zélande
91%
696 Samoa
89%
1574 Fidji
82%
4218 Papouasie- Nouvelle-Guinée
80%
1016 Tonga
80%
3105 Etats-Unis
78%
3077 Îles Marshall
78%
2650 Salomon
78%
5815 Indonésie
76%
1183 Kiribati
76%
3887 Micronésie
76%
1604 Tuvalu
73%
3219 Nauru
71%
6894 Palaos
71%
2734 Vanuatu
71%
6964 Japon
69%
4903 Chili
60%
6298 Mexique
40%
704 Niue
33%
Aucun quiz correspondant
Distribution des résultats
% des personnes avec chaque résultat
Percentile par nombre de réponses
Votre historique - résultats
Vous n’avez pas pris ce quiz